Propiedad horizontal

Detalles Bibliográficos
Formato: eBook
Lenguaje:español
Publicado: Bogot ̀: ECOE, 2009
Materias:
Acceso en línea:http://www.vlex.com/source/6850

MARC

LEADER 00000nam a22000007a 4500
005 20130125113728.0
007 cr|||| ||||
008 130125e2009 ck |||||s|||| 00||0 spa d
020 |a 9586484815 
035 |a 6850 
040 |a vLex 
090 |c 3603  |d 3603 
245 0 0 |a Propiedad horizontal  |h [Recurso electrn̤ico] 
256 |a Servicio en ln̕ea 
260 |a Bogot ̀:  |b ECOE,   |c 2009  
300 |a 1 Recurso electrn̤ico 
650 0 4 |a Propiedad horizontal  |z Colombia 
740 |a vLex Libros (Servicio en ln̕ea) 
856 |a Acceso restringido  |u http://www.vlex.com/source/6850 
942 |c BOOK 
999 0 |a Condominiums-Law and legislation